000 00199nam a2200085Ia 4500
008 120527s9999 xx 000 0 und d
100 _aSaner, Gayle, N.
245 _aBiology: Life on earth
942 _cBK
999 _c27290
_d27290